Effectif Racing Club de Strasbourg saison 2024/2025 - Statistiques

Statistiques générales
  • Ce quiz a été pris 765 fois
    244 depuis la dernière actualisation
  • Le résultat moyen est 17 sur 33
Statistiques - réponses
Hint Réponse % Correct
A Emanuel Emegha
90%
G Đorđe Petrović
85%
M Andrey Santos
83%
M Habib Diarra
77%
A Dilane Bakwa
76%
Coach Liam Rosenior
75%
D Abakar Sylla
73%
D Guéla Doué
71%
D Ismaël Doukouré
71%
A Diego Moreira
68%
A Sebastian Nanasi
66%
G Alaa Bellaarouch
62%
D Mamadou Sarr
58%
G Robin Risser
58%
G Karl-Johan Johnsson
56%
A Sékou Mara
55%
D Saïdou Sow
54%
D Thomas Delaine
51%
M Junior Mwanga
50%
A Moïse Sahi Dion
44%
M Félix Lemaréchal
42%
D Eduard Sobol
41%
D Marvin Senaya
38%
D Caleb Wiley
32%
A Jerémy Sebas
32%
M Pape Diong
32%
A Miloš Luković
28%
A Óscar Perea
23%
D Karol Fila
17%
G Matthieu Dreyer
17%
M Tidiane Diallo
16%
D Yoni Gomis
14%
M Nolan Ferro
6%
Aucun quiz correspondant
Distribution des résultats
% des personnes avec chaque résultat
Percentile par nombre de réponses
Votre historique - résultats
Vous n’avez pas pris ce quiz depuis la dernière actualisation